| 000 | 00417nam a2200181Ia 4500 | ||
|---|---|---|---|
| 003 | IT-RoPAU | ||
| 008 | 120407s9999 xx 000 0 und d | ||
| 040 | _aIT-RoPAU | ||
| 040 | _cIT-RoPAU | ||
| 100 | _aFrancesco Gligora | ||
| 245 | _aBreve storia dei Papi da S. Pietro a Giovanni Paolo II | ||
| 250 | _aPadova | ||
| 260 | _aPanda | ||
| 300 | _c cm | ||
| 490 | _v1 | ||
| 700 | _aBiagia Catanzaro | ||
| 942 | _cBK | ||
| 999 |
_c9136 _d9136 |
||